|
|
|
|
| LEADER |
00981nam a2200205 a 4500 |
| 001 |
4610273 |
| 008 |
100622s1974 bg b 100 0 eng d |
| 010 |
|
|
|a 76903212
|
| 040 |
|
|
|a DLC
|c DLC
|d DLCBD-DhAAL
|
| 082 |
0 |
0 |
|a 338.1738095492
|2 17
|
| 111 |
2 |
|
|a Workshop on Massive Production of HYV of Rice under Rainfed Condition in Bangladesh,
|c Bangladesh Rice Research Institute,
|d 1974.
|
| 245 |
0 |
0 |
|a Workshop on Massive Production of HYV of Rice under Rainfed Condition in Bangladesh, 15th and 16th May 1974.
|
| 260 |
|
|
|a Dacca :
|b Bangladesh Rice Research Institute,
|c 1974.
|
| 300 |
|
|
|a 185 p. :
|b map ;
|c 23 cm.
|
| 500 |
|
|
|a Prefatory matter in English or Bengali.
|
| 541 |
1 |
|
|e 00000374
|
| 650 |
|
0 |
|a Rice
|z Bangladesh
|x Congresses.
|
| 852 |
4 |
|
|a Ayesha Abed Library
|j General shelf
|
| 999 |
|
|
|c 9056
|d 9056
|
| 952 |
|
|
|0 0
|1 0
|2 ddc
|4 0
|6 338_173809549200000_WOR_1974
|7 0
|9 11211
|a BRACUL
|b BRACUL
|c GEN
|d 2010-06-23
|g 0.00
|l 0
|o 338.1738095492 WOR
|p 3010000374
|r 2010-06-23
|t 1
|w 2010-06-23
|y BK
|z Not price in Register
|